The My Green is Gone / written by Brenda Moore ; illustrated by Emily Anderson
What would the world look like wwithout green. Can we survive without green plants? We need to keep our planet green. Lets recycle and protect every animal and bird.
Record details
- ISBN: 0941994255
- Physical Description: 1 volume (unpaged) : color illustrations ; 29 cm
- Publisher: St. Louis, MO : National Garden Clubs, ©2022.
Search for related items by subject
| Subject: | no Spray poisons recycle Do not Litter Plant native plants |
| Genre: | Picture Book Stories in rhyme. Juvenile works. Fiction. |
Available copies
- 1 of 1 copy available at scottsboropl.
Holds
- 0 current holds with 1 total copy.
Show Only Available Copies
| Location | Call Number / Copy Notes | Barcode | Shelving Location | Status | Due Date |
|---|---|---|---|---|---|
| scottsboropl | E Moo | 32269001250086 | Juvenile - Easy | Available | - |
| LDR | 00620cam a2200205Ka 4500 | ||
|---|---|---|---|
| 001 | 163215 | ||
| 003 | SBPL | ||
| 005 | 20240501192425.0 | ||
| 008 | 070101s eng d | ||
| 020 | . | ‡a0941994255 | |
| 082 | 0 | 4. | ‡a[E] ‡223 |
| 100 | 1 | . | ‡aMoore, Brenda, : ‡eauthor. |
| 245 | 1 | 4. | ‡aThe My Green is Gone / ‡cwritten by Brenda Moore ; illustrated by Emily Anderson |
| 264 | 1. | ‡aSt. Louis, MO : ‡bNational Garden Clubs, ‡c©2022. | |
| 300 | . | ‡a1 volume (unpaged) : ‡bcolor illustrations ; ‡c29 cm | |
| 336 | . | ‡atext ‡btxt ‡2rdacontent | |
| 337 | . | ‡aunmediated ‡bn ‡2rdamedia | |
| 338 | . | ‡avolume ‡bnc ‡2rdacarrier | |
| 520 | . | ‡aWhat would the world look like wwithout green. Can we survive without green plants? We need to keep our planet green. Lets recycle and protect every animal and bird. | |
| 650 | . | ‡ano Spray poisons | |
| 650 | . | ‡arecycle | |
| 650 | 0 | . | ‡aDo not Litter |
| 650 | 0 | . | ‡aPlant native plants |
| 655 | 0 | . | ‡aPicture Book |
| 655 | 7. | ‡aStories in rhyme. ‡2lcgft | |
| 655 | 7. | ‡aJuvenile works. ‡2lcgft | |
| 655 | 7. | ‡aFiction. ‡2lcgft | |
| 901 | . | ‡a163215 ‡bAUTOGEN ‡c163215 ‡tbiblio | |